[Event "GER-ch U10"]
[Site "Willingen"]
[Date "2018.05.26"]
[Round "11"]
[White "Henzgen, Pascal"]
[Black "Mader, Fabian"]
[Result "0-1"]
[WhiteElo "1223"]
[BlackElo "1095"]
[PlyCount "88"]
[EventDate "2018.05.19"]
[EventType "swiss"]
[EventRounds "11"]
[EventCountry "GER"]
[SourceTitle "CBM 184 Extra"]
[Source "ChessBase"]
[SourceDate "2018.06.28"]
[SourceVersion "1"]
[SourceVersionDate "2018.06.28"]
[SourceQuality "1"]

1. d4 Nf6 2. Nf3 g6 3. g3 Bg7 4. Bg2 0-0 5. 0-0 d5 6. c4 b6 7. b3 Bb7 8. Bb2 Nbd7 9. Nc3 c5 10. Rb1 Re8 11. dxc5 Nxc5 12. Re1 a6 13. a4 Qd6 14. Ba3 Rad8 15. Qc2 Qc7 16. Rbc1 dxc4 17. b4 Nb3 18. b5 Nxc1 19. Rxc1 a5 20. e4 Nd7 21. Nd5 Bxd5 22. exd5 Rc8 23. Nd4 Bxd4 24. Re1 Bc5 25. Bb2 Bb4 26. Re2 c3 27. Bc1 e5 28. Re1 Bc5 29. Rd1 Bd4 30. Bh3 Rcd8 31. Bg2 Nf6 32. Bg5 Rd6 33. Bh6 Nxd5 34. Bxd5 Rxd5 35. Rc1 Qc5 36. Kg2 Rd6 37. Qe2 Rf6 38. f3 Rfe6 39. Qa2 e4 40. fxe4 Rxe4 41. Rf1 Re2+ 42. Kh1 Rxa2 43. h4 Qd5+ 44. Rf3 Qxf3# 0-1

[Event "GER-ch U10"]
[Site "Willingen"]
[Date "2018.05.25"]
[Round "10"]
[White "Henzgen, Pascal"]
[Black "Malchereck, Romeo"]
[Result "0-1"]
[WhiteElo "1223"]
[BlackElo "1184"]
[PlyCount "112"]
[EventDate "2018.05.19"]
[EventType "swiss"]
[EventRounds "11"]
[EventCountry "GER"]
[SourceTitle "CBM 184 Extra"]
[Source "ChessBase"]
[SourceDate "2018.06.28"]
[SourceVersion "1"]
[SourceVersionDate "2018.06.28"]
[SourceQuality "1"]

1. e4 c5 2. Nf3 d6 3. Bc4 Nf6 4. Nc3 g6 5. d3 Bg7 6. 0-0 0-0 7. Qd2 Nbd7 8. b3 a6 9. a4 Rb8 10. Rb1 Ne8 11. Bb2 Qa5 12. Rfe1 b5 13. axb5 axb5 14. Bd5 Rb6 15. e5 Nxe5 16. Nxe5 dxe5 17. Be4 Nf6 18. Ra1 Qb4 19. Re2 c4 20. Ba3 Nxe4 21. Bxb4 Nxd2 22. Rxd2 cxd3 23. Rxd3 Bf5 24. Rd2 Rc6 25. Ra2 e4 26. Bxe7 Re8 27. Bb4 Bxc3 28. Bxc3 Rxc3 29. h3 e3 30. fxe3 Rexe3 31. Kf2 h5 32. Ra5 Re5 33. Ra2 g5 34. Ra7 Rxc2 35. Rxc2 Bxc2 36. Kf3 Bxb3 37. g4 Bd1+ 38. Kg3 hxg4 39. hxg4 Re3+ 40. Kf2 Re2+ 41. Kf3 Re7+ 42. Kf2 Rxa7 43. Ke1 Rd7 44. Kf2 b4 45. Ke3 b3 46. Ke4 b2 47. Kf5 b1Q+ 48. Kxg5 Qg6+ 49. Kf4 Qxg4+ 50. Ke5 Re7+ 51. Kd6 Re6+ 52. Kd7 Ba4+ 53. Kd8 Re8+ 54. Kc7 Qd7+ 55. Kb6 Qc6+ 56. Ka5 Qb5# 0-1

[Event "GER-ch U10"]
[Site "Willingen"]
[Date "2018.05.23"]
[Round "6"]
[White "Westedt, Felix"]
[Black "Henzgen, Pascal"]
[Result "0-1"]
[WhiteElo "1049"]
[BlackElo "1223"]
[PlyCount "90"]
[EventDate "2018.05.19"]
[EventType "swiss"]
[EventRounds "11"]
[EventCountry "GER"]
[SourceTitle "CBM 184 Extra"]
[Source "ChessBase"]
[SourceDate "2018.06.28"]
[SourceVersion "1"]
[SourceVersionDate "2018.06.28"]
[SourceQuality "1"]

1. e4 e5 2. Nf3 Nc6 3. Bc4 Bc5 4. Nc3 Nf6 5. d3 d6 6. 0-0 0-0 7. h3 Be6 8. Nd5 Na5 9. Nxf6+ Qxf6 10. Bxe6 fxe6 11. Be3 Bb6 12. Qd2 Nc6 13. c3 d5 14. Bg5 Qf7 15. exd5 exd5 16. d4 Rfe8 17. Qd3 e4 18. Qe2 exf3 19. Qxf3 Qxf3 20. gxf3 Ne7 21. Rfe1 Ng6 22. Rxe8+ Rxe8 23. Kf1 Rf8 24. h4 h6 25. h5 hxg5 26. hxg6 Rf6 27. Re1 Rxg6 28. Re5 c6 29. Kg2 Bc7 30. Re1 Kf7 31. Rg1 Rh6 32. Kf1 Kf6 33. Ke2 Kf5 34. b4 a6 35. Re1 Re6+ 36. Kd2 Rxe1 37. Kxe1 Kf4 38. Ke2 g4 39. fxg4 Kxg4 40. f3+ Kg3 41. Ke3 b6 42. a3 g5 43. a4 Bd8 44. a5 bxa5 45. bxa5 Bxa5 0-1

[Event "GER-ch U10"]
[Site "Willingen"]
[Date "2018.05.20"]
[Round "2"]
[White "Kiefhaber, Tobias"]
[Black "Henzgen, Pascal"]
[Result "1-0"]
[WhiteElo "1424"]
[BlackElo "1223"]
[PlyCount "87"]
[EventDate "2018.05.19"]
[EventType "swiss"]
[EventRounds "11"]
[EventCountry "GER"]
[SourceTitle "CBM 184 Extra"]
[Source "ChessBase"]
[SourceDate "2018.06.28"]
[SourceVersion "1"]
[SourceVersionDate "2018.06.28"]
[SourceQuality "1"]

1. d4 d5 2. Nf3 Nf6 3. c4 e6 4. Nc3 Be7 5. Bg5 0-0 6. e3 Nbd7 7. Qb3 c6 8. Bd3 b6 9. cxd5 cxd5 10. 0-0 Bb7 11. Rac1 a6 12. Rc2 Ne4 13. Bxe7 Qxe7 14. Ne5 Nxe5 15. dxe5 Nxc3 16. Rxc3 b5 17. Rfc1 Rfd8 18. Rc7 Rd7 19. Qc2 g6 20. Rxd7 Qxd7 21. Qc7 Qxc7 22. Rxc7 Rb8 23. Kf1 Ba8 24. Ke2 d4 25. f3 dxe3 26. Kxe3 Rb7 27. Rxb7 Bxb7 28. Be4 Bc8 29. Kd4 Kf8 30. Kc5 Ke7 31. Kb6 h5 32. Kc7 Bd7 33. Bc6 Bxc6 34. Kxc6 f5 35. h4 Kf7 36. Kd7 a5 37. b3 b4 38. Kd6 f4 39. Kd7 g5 40. hxg5 Kg6 41. Kxe6 Kxg5 42. Kd7 Kh4 43. e6 Kg3 44. e7 1-0